Instructional software : (Record no. 185790)
[ view plain ]
| 000 -LEADER | |
|---|---|
| fixed length control field | 01046 a2200217 4500 |
| 003 - CONTROL NUMBER IDENTIFIER | |
| control field | Nust |
| 005 - DATE AND TIME OF LATEST TRANSACTION | |
| control field | 20230123092603.0 |
| 010 ## - LIBRARY OF CONGRESS CONTROL NUMBER | |
| LC control number | 83012531 |
| 020 ## - INTERNATIONAL STANDARD BOOK NUMBER | |
| International Standard Book Number | 0534014593 (pbk.) |
| 040 ## - CATALOGING SOURCE | |
| Transcribing agency | Nust |
| 082 00 - DEWEY DECIMAL CLASSIFICATION NUMBER | |
| Classification number | 370.285,WIL |
| 245 00 - TITLE STATEMENT | |
| Title | Instructional software : |
| Remainder of title | principles and perspectives for design and use / |
| Statement of responsibility, etc. | [edited by] Decker F. Walker, Robert D. Hess. |
| 260 ## - PUBLICATION, DISTRIBUTION, ETC. | |
| Place of publication, distribution, etc. | Belmont, Calif. : |
| Name of publisher, distributor, etc. | Wadsworth Pub. Co., |
| Date of publication, distribution, etc. | c1984. |
| 300 ## - PHYSICAL DESCRIPTION | |
| Extent | xi, 308 p. : |
| Other physical details | ill. ; |
| Dimensions | 24 cm. |
| 505 ## - FORMATTED CONTENTS NOTE | |
| Formatted contents note | Part 1:- Issuance in the Educational use of Computers (Page-5), Part 2:- Principles of Software design for educational (Page-37), Part 3:- Strategic of Developing Educational Software (Page-95), Part 4:- Evaluating Educational Software (Page-187), Part 5:- Prospects for the Future of Computer Based Education (Page-239). |
| 650 #0 - SUBJECT ADDED ENTRY--TOPICAL TERM | |
| Topical term or geographic name entry element | Computer-assisted instruction |
| General subdivision | Computer programs. |
| 9 (RLIN) | 106669 |
| 650 #0 - SUBJECT ADDED ENTRY--TOPICAL TERM | |
| Topical term or geographic name entry element | Computer-assisted instruction. |
| 9 (RLIN) | 18499 |
| 700 1# - ADDED ENTRY--PERSONAL NAME | |
| Personal name | Hess, Robert D. |
| 9 (RLIN) | 107333 |
| 700 1# - ADDED ENTRY--PERSONAL NAME | |
| Personal name | Walker, Decker F. |
| 9 (RLIN) | 107334 |
| 942 ## - ADDED ENTRY ELEMENTS (KOHA) | |
| Source of classification or shelving scheme | |
| Koha item type | Book |
| Call number prefix | 370.285,WIL |
| Withdrawn status | Lost status | Source of classification or shelving scheme | Damaged status | Not for loan | Permanent Location | Current Location | Shelving location | Date acquired | Full call number | Barcode | Date last seen | Price effective from | Koha item type | Public note |
|---|---|---|---|---|---|---|---|---|---|---|---|---|---|---|
| Military College of Signals (MCS) | Military College of Signals (MCS) | General Stacks | 12/12/2016 | 370.285,WAL | MCS20599 | 12/08/2016 | 12/12/2016 | Book | Almirah No.74, Shelf No.3 | |||||
| Military College of Signals (MCS) | Military College of Signals (MCS) | General Stacks | 12/12/2016 | 370.285,WAL | MCS20641 | 12/08/2016 | 12/12/2016 | Book | Almirah No.54, Shelf No.2 |
